000 00806nam0a22002531 4500
001 rc\3061868
005 20250806202626.0
035 _a(NLR Aleph) 007200513
090 _a54019
_c54019
100 _a20111013d1942 u y0rusy50 ca
101 0 _arus
102 _aRU
105 _aa z |||||
200 1 _aПодсочка сосны
_e(Пособие для рабочих подсочников)
210 _aМосква
_cГослестехиздат
_d1942
215 _a88 с.
_cил.
_d14 см
700 1 _aФридрих
_bН.А.
_gНиколай Александрович
801 0 _aRU
_bNLR
_gpsbo
801 1 _aRU
_bELAR
_2rusmarc
852 _aNLR
_bС
_j60 Г-2/179
942 _cBOOK
945 _aРоссийская национальная библиотека
980 _aNB
980 _aBV